[Event "Indywidualne Mistrzostwa Polski Juniorow Mlodszych do 14 lat OOM Podlaskie 2015 "]
[Site "Suwalki"]
[Date "1899-12-30"]
[Round "8.4"]
[White "Wyczling, Bartosz"]
[Black "Psyk, Radoslaw"]
[Result "1-0"]
[WhiteTitle "I"]
[BlackTitle "k"]
[WhiteElo "1926"]
[BlackElo "2230"]

1. d4 d5 2. c4 e6 3. Nc3 Nf6 4. cxd5 exd5 5. Bg5 c6 6. Qc2 Be7 7. e3 Nbd7 8. Bd3
O-O 9. Nf3 Re8 10. O-O Nf8 11. Ne5 Ng4 12. Bxe7 Qxe7 13. Nxg4 Bxg4 14. Rfe1 Bh5
15. f4 f6 16. a3 Bg6 17. f5 Bf7 18. Na4 Nd7 19. g4 Rac8 20. Qf2 c5 21. Nc3 Qd6
22. h4 Re7 23. Kg2 Rce8 24. Re2 a6 25. Qf3 cxd4 26. exd4 Rxe2+ 27. Nxe2 Qb6 28.
b4 h6 29. Qf4 Qd8 30. Rc1 Re7 31. Qc7 Qe8 32. Qc8 Nb6 33. Qxe8+ Bxe8 34. Nf4 Kf7
35. Kf2 Ba4 36. Ne6 Bb3 37. Re1 Bc4 38. Bc2 Rd7 39. a4 Nc8 40. Nc5 Rc7 41. Ne6
Rd7 42. Bd1 Nd6 43. Bf3 b6 44. Nf4 Nb7 45. Re6 Nd6 46. Ke3 Nc8 47. g5 Ne7 48.
g6+ Kf8 49. Bg4 b5 50. Rxa6 Ke8 51. Ne6 Rb7 52. Ra8+ Kd7 53. Nc5+ Kc6 54. Nxb7
Kxb7 55. Re8 Nc6 56. axb5 Nxb4 57. Re7+ Kb6 58. Rxg7 Nc2+ 59. Kf2 Nxd4 60. Rb7+
Kxb7 61. g7 Nxf5 62. g8=Q Nd6 63. Bf3 Kb6 64. Bxd5 Bxb5 65. Bf3 Nc4 66. Qe6+ Kc5
67. Be2 Ne5 68. Qe7+ Kd4 69. Bxb5 Ke4 70. Kf1 Kf5 71. Qh7+ Kf4 72. Qxh6+ 1-0

[Event "Indywidualne Mistrzostwa Polski Juniorow Mlodszych do 14 lat OOM Podlaskie 2015 "]
[Site "Suwalki"]
[Date "1899-12-30"]
[Round "8.5"]
[White "Lukasiewicz, Krzysztof"]
[Black "Lis, Mateusz"]
[Result "0-1"]
[WhiteTitle "I++"]
[BlackTitle "I"]
[WhiteElo "2079"]
[BlackElo "1926"]

1. e4 c5 2. Nf3 d6 3. d4 cxd4 4. Nxd4 Nf6 5. Nc3 Nc6 6. Be2 e5 7. Nf3 Be7 8. Bg5
Bg4 9. Bxf6 Bxf6 10. O-O Bxf3 11. Bxf3 O-O 12. Nd5 Ne7 13. c3 Nxd5 14. Qxd5 Qe7
15. Rfd1 Rad8 16. Be2 g6 17. Bc4 Bg7 18. a4 Kh8 19. Ra3 Qc7 20. Rb3 b6 21. a5
f5 22. axb6 axb6 23. Be2 fxe4 24. Rf1 Qc5 25. Qxe4 d5 26. Qb4 Rf6 27. Qxc5 bxc5
28. Rb5 c4 29. Rd1 Rfd6 30. Kf1 h6 31. Rb7 e4 32. Ra1 R8d7 33. Ra8+ Kh7 34. Rbb8
Rf7 35. Ke1 Rdf6 36. f3 exf3 37. Bxf3 Re6+ 38. Kd2 d4 39. Re8 Rb6 40. Rab8 Rxb2+
41. Rxb2 dxc3+ 42. Kc2 cxb2 43. Re4 Rb7 44. Re1 Ra7 45. Bd5 c3 46. Bf3 Ra1 47.
Rb1 Be5 48. h3 Bg7 49. Be4 Ra4 50. Bd3 Ra7 51. Re1 Rf7 52. Rf1 Re7 53. Rd1 Re3
54. Rf1 h5 55. Rd1 Kh6 56. Rf1 Re6 57. Bc4 Rc6 58. Bb5 Rc5 59. Bd3 Kh7 60. Re1
Rc6 61. Rf1 Bh6 62. Be4 Re6 63. Bd3 Bd2 64. Rf7+ Kh6 65. Rf1 Rb6 66. Rb1 Rf6 67.
Rf1 Re6 68. Rb1 Rb6 69. Be4 Kg5 70. Bd3 Kf4 71. Be2 Ke3 72. Bd3 Kd4 73. Be2 Bc1
74. Bf3 Re6 75. Bd1 Re1 76. Bf3 Rf1 77. Bd1 Rf2+ 78. Kb3 Rxg2 79. Bc2 Rxc2 80.
Kxc2 g5 0-1

[Event "Indywidualne Mistrzostwa Polski Juniorow Mlodszych do 14 lat OOM Podlaskie 2015 "]
[Site "Suwalki"]
[Date "1899-12-30"]
[Round "8.6"]
[White "Kubiak, Jakub"]
[Black "Ochowicz, Jakub"]
[Result "1-0"]
[WhiteTitle "I"]
[BlackTitle "I"]
[WhiteElo "1753"]
[BlackElo "1927"]

1. e4 c5 2. Nf3 d6 3. d4 cxd4 4. Nxd4 Nf6 5. Nc3 Nc6 6. f3 e5 7. Nb3 Be7 8. Be3
O-O 9. Qd2 a5 10. a4 Be6 11. O-O-O Na7 12. g4 Nd7 13. Kb1 Nc8 14. h4 Ndb6 15.
Nc1 Nc4 16. Bxc4 Bxc4 17. g5 f5 18. gxf6 Bxf6 19. Rdg1 Ne7 20. Qg2 Kh8 21. Bg5
Nc6 22. N1e2 Bxg5 23. hxg5 g6 24. Rh6 Rf7 25. Rgh1 Rg7 26. f4 exf4 27. Nxf4 Ne7
28. Ncd5 Bxd5 29. exd5 Qg8 30. Ne6 Rf7 31. Qh3 Re8 32. Qh2 Nf5 33. Rh3 h5 34.
gxh6 g5 35. h7 Qg6 36. Rh5 Ne7 37. Rxg5 Qf6 38. Rg8+ Rxg8 39. hxg8=Q+ Kxg8 40.
Rg1+ Ng6 41. Qh5 Rg7 42. Nxg7 Kxg7 43. Rxg6+ Qxg6 44. Qxg6+ Kxg6 45. c4 Kf6 46.
Kc2 b6 47. b4 Ke5 48. bxa5 bxa5 49. Kd3 Kf6 50. Kd4 Ke7 51. c5 Kd7 52. c6+ Kc7
53. Ke4 Kd8 54. Kf5 Ke7 55. Kg5 Ke8 56. Kf6 Kd8 57. Ke6 Kc7 58. Ke7 Kc8 59. Kxd6
Kd8 60. Ke6 Kc7 61. Ke7 Kb6 62. d6 Kxc6 63. d7 Kc5 64. d8=Q Kb4 65. Qd4+ Ka3 66.
Qc4 Kb2 67. Qd3 Ka1 68. Qd2 Kb1 69. Kd6 Ka1 70. Kc5 Kb1 71. Kc4 Ka1 72. Kb3 Kb1
73. Qd1# 1-0

[Event "Indywidualne Mistrzostwa Polski Juniorow Mlodszych do 14 lat OOM Podlaskie 2015 "]
[Site "Suwalki"]
[Date "1899-12-30"]
[Round "8.7"]
[White "Jarzebowski, Kacper"]
[Black "Sernecki, Franciszek"]
[Result "1/2-1/2"]
[WhiteTitle "I"]
[BlackTitle "I"]
[WhiteElo "1660"]
[BlackElo "1998"]

1. e4 d6 2. d4 Nf6 3. Nc3 c6 4. f4 Qa5 5. Bd3 e5 6. Nf3 Nbd7 7. O-O Be7 8. h3 O-O
9. Qe1 exd4 10. Nxd4 Nc5 11. Be3 Qc7 12. Nb3 Nxb3 13. axb3 b5 14. b4 a6 15. Nb1
Bb7 16. Nd2 c5 17. bxc5 dxc5 18. c3 c4 19. Bc2 Bc5 20. Qf2 Rac8 21. Bxc5 Qxc5
22. Qxc5 Rxc5 23. e5 Rd8 24. Nf3 Ne8 25. Kf2 Nc7 26. Rfd1 Rcd5 27. g3 Rxd1 28.
Rxd1 Rxd1 29. Bxd1 Ne6 30. Bc2 Kf8 31. Ke3 Ke7 32. Nd4 g6 33. Nxe6 fxe6 34. h4
Bg2 35. h5 gxh5 36. Bxh7 Bc6 37. Bg6 Be8 38. Be4 Kd7 39. Kd4 Kc7 40. Kc5 Bf7 41.
f5 exf5 42. Bxf5 Be8 43. e6 a5 44. g4 hxg4 45. Bxg4 Kb7 46. Kd6 b4 47. Bf3+ Kb6
48. Be2 Kb5 49. Kd5 Bc6+ 50. Kd4 bxc3 51. Bxc4+ Kb6 52. bxc3 Be8 53. Bd5 a4 54.
c4 Ka5 55. c5 Kb5 56. c6 a3 57. Bb3 Kb4 58. Ba2 Bxc6 59. Bd5 Be8 60. Bc4 Bc6 61.
Ba2 Kb5 62. Bd5 Be8 63. e7 Kb6 64. Ke5 Bc6 65. Bxc6 a2 66. e8=Q a1=Q+ 67. Kf5
Qf1+ 68. Ke4 1/2-1/2

[Event "Indywidualne Mistrzostwa Polski Juniorow Mlodszych do 14 lat OOM Podlaskie 2015 "]
[Site "Suwalki"]
[Date "1899-12-30"]
[Round "8.8"]
[White "Garbowski, Jakub"]
[Black "Leskiewicz, Ignacy"]
[Result "1-0"]
[WhiteTitle "I+"]
[BlackTitle "I"]
[WhiteElo "1964"]
[BlackElo "1692"]

1. e4 c5 2. Nf3 d6 3. d4 cxd4 4. Nxd4 Nf6 5. Nc3 a6 6. g3 e5 7. Nb3 Be6 8. Bg2
Nbd7 9. a4 Be7 10. O-O O-O 11. Re1 Qc7 12. h3 Rac8 13. Nd2 Rfe8 14. Nf1 Qc6 15.
Bg5 b5 16. axb5 axb5 17. Ne3 b4 18. Ncd5 Bxd5 19. exd5 Qb7 20. Qe2 Rc5 21. Red1
Ra8 22. Qe1 Rca5 23. c4 Nc5 24. Rxa5 Rxa5 25. Nc2 Ra4 26. Ra1 b3 27. Na3 h6 28.
Be3 Nfd7 29. Rd1 Qc8 30. Kh2 f5 31. Qc3 Bf6 32. Nb5 Qf8 33. Bf1 e4 34. Bd4 Ne5
35. Be2 f4 36. gxf4 Nf3+ 37. Bxf3 Bxd4 38. Nxd4 Qxf4+ 39. Kg2 exf3+ 40. Qxf3 Qxf3+
41. Kxf3 Rxc4 42. Ke3 Kf7 43. Nf5 Nb7 44. Rd3 Rb4 45. Rd4 Rb5 46. Rf4 Kg6 47.
Kf3 Kh7 48. Rd4 g6 49. Ne3 Nc5 50. Nc4 Nb7 51. Ke3 Kg7 52. Re4 Kf7 53. Kd2 g5
54. Re6 Rb4 55. Kc3 Rb5 56. Rxd6 h5 57. Rd7+ Kf6 58. Kd4 g4 59. hxg4 hxg4 60.
Ne3 Nc5 61. Nxg4+ Kg5 62. Rg7+ Kf4 63. Kc4 Ra5 64. Kb4 Ra2 65. Kxc5 Rxb2 66. Ne3
Rxf2 67. Nc4 b2 68. Rb7 Kf5 69. Rxb2 Rf3 70. Re2 Rd3 71. Nd6+ Kf6 72. Nb5 Rd1
73. d6 Rc1+ 74. Kd5 Rc8 75. d7 1-0

[Event "Indywidualne Mistrzostwa Polski Juniorow Mlodszych do 14 lat OOM Podlaskie 2015 "]
[Site "Suwalki"]
[Date "1899-12-30"]
[Round "8.9"]
[White "Wierzbicki, Michal"]
[Black "Miszkielo, Bartosz"]
[Result "0-1"]
[WhiteTitle "I"]
[BlackTitle "I"]
[WhiteElo "1687"]
[BlackElo "1823"]

1. d4 Nf6 2. Nf3 c5 3. d5 e6 4. Nc3 exd5 5. Nxd5 Nxd5 6. Qxd5 Be7 7. e4 O-O 8.
Bc4 d6 9. c3 Nd7 10. O-O Nb6 11. Qd3 Nxc4 12. Qxc4 Be6 13. Qd3 d5 14. exd5 Qxd5
15. Qxd5 Bxd5 16. Re1 Rfe8 17. Be3 b6 18. Red1 Be6 19. Bf4 h6 20. Rd2 Bf6 21.
h3 Rad8 22. a4 g5 23. Be3 Rxd2 24. Nxd2 a5 25. Ra3 Be5 26. c4 Rd8 27. Rb3 Rd6
28. g3 Bxh3 29. f4 Bd4 30. Kf2 gxf4 31. gxf4 Bf5 32. Bxd4 Rxd4 33. Ke3 Rd6 34.
Nf3 Re6+ 35. Kf2 Re4 36. Rxb6 Rxf4 37. Rxh6 Rxc4 38. b3 Rc2+ 39. Kg3 Rc3 40. Kf4
Bg6 41. Nd2 Kg7 42. Rh2 Rd3 43. Ke5 Kf8 44. Nc4 Rxb3 45. Nxa5 Ra3 46. Nb7 c4 47.
Nd6 c3 48. Nb5 Rb3 49. Nxc3 Rxc3 50. Ra2 Rc5+ 51. Kd6 Ra5 52. Kc6 Bb1 53. Rb2
Be4+ 54. Kd6 Rxa4 55. Ke5 Bg6 56. Rb8+ Kg7 57. Rb7 Re4+ 58. Kd5 Re1 59. Kd6 Kh6
60. Rb8 f5 61. Rh8+ Kg5 62. Rf8 f4 63. Kd5 Bf5 64. Rg8+ Kh4 65. Rf8 Kg4 66. Rg8+
Kh3 67. Rf8 Be6+ 68. Kd4 Kg3 69. Rf6 f3 70. Rg6+ Bg4 71. Rf6 0-1

[Event "Indywidualne Mistrzostwa Polski Juniorow Mlodszych do 14 lat OOM Podlaskie 2015 "]
[Site "Suwalki"]
[Date "1899-12-30"]
[Round "8.10"]
[White "Raczynski, Krzysztof"]
[Black "Kaminski, Maciej"]
[Result "1-0"]
[WhiteTitle "I+"]
[BlackTitle "II+"]
[WhiteElo "1758"]
[BlackElo "1600"]

1. e4 e5 2. Nf3 Nc6 3. Bb5 Nd4 4. Nxd4 exd4 5. O-O Ne7 6. d3 c6 7. Ba4 d5 8. f4
dxe4 9. dxe4 g6 10. Nd2 Bg7 11. Qe2 O-O 12. Bb3 Qb6 13. Kh1 Re8 14. f5 Nd5 15.
Qc4 Nf6 16. fxg6 hxg6 17. Qxf7+ Kh8 18. Rxf6 Rf8 19. Qxf8+ Bxf8 20. Rxf8+ Kg7
21. Rg8+ Kf6 22. Nf3 Ke7 23. Bg5+ Kd6 24. e5+ Kc5 25. Be7+ Kb5 26. a4+ Ka6 27.
Bc4+ Ka5 28. b4+ 1-0

[Event "Indywidualne Mistrzostwa Polski Juniorow Mlodszych do 14 lat OOM Podlaskie 2015 "]
[Site "Suwalki"]
[Date "1899-12-30"]
[Round "8.11"]
[White "Polczyk, Mikolaj"]
[Black "Poplawski, Maciej"]
[Result "0-1"]
[WhiteTitle "I"]
[BlackTitle "I"]
[WhiteElo "1571"]
[BlackElo "1737"]

1. e4 e6 2. d4 d5 3. Nd2 Nc6 4. Ngf3 Nf6 5. e5 Nd7 6. c3 f6 7. exf6 Qxf6 8. Nb3
Bd6 9. Be2 O-O 10. O-O e5 11. dxe5 Ndxe5 12. Nxe5 Nxe5 13. f4 Nf7 14. Qxd5 Be6
15. Qd4 Qg6 16. Bd3 Qh5 17. Qe4 Ng5 18. Be2 Nxe4 19. Bxh5 Bxb3 20. axb3 Bc5+ 21.
Kh1 Rf6 22. Ra4 Nf2+ 23. Kg1 Nd3+ 24. Kh1 Rh6 25. g4 g6 26. f5 Nxc1 27. Rxc1 gxh5
28. g5 Rd6 29. Re1 Rd5 30. Rf4 Rf8 31. Ref1 Be3 32. R4f3 Bxg5 33. Rg1 Rfxf5 34.
Rxf5 Rxf5 35. h4 h6 0-1

[Event "Indywidualne Mistrzostwa Polski Juniorow Mlodszych do 14 lat OOM Podlaskie 2015 "]
[Site "Suwalki"]
[Date "1899-12-30"]
[Round "8.12"]
[White "Laszczak, Przemyslaw"]
[Black "Godzwon, Iwo"]
[Result "1-0"]
[WhiteTitle "I"]
[BlackTitle "I"]
[WhiteElo "1930"]
[BlackElo "1801"]

1. d4 Nf6 2. c4 g6 3. Nc3 d5 4. cxd5 Nxd5 5. e4 Nxc3 6. bxc3 Bg7 7. Bc4 c5 8. Ne2
Nc6 9. Be3 O-O 10. O-O Bg4 11. f3 Bd7 12. Rc1 Qc7 13. Qd2 Rfd8 14. f4 Bg4 15.
d5 b6 16. Qe1 Na5 17. Bd3 Bxe2 18. Bxe2 c4 19. Bf3 Nb7 20. Qf2 Rac8 21. Rfd1 Bf8
22. e5 f6 23. d6 Qb8 24. d7 Rc7 25. e6 Nc5 26. Bxc5 Rxc5 27. g3 f5 28. h4 Bg7
29. h5 Qc7 30. hxg6 hxg6 31. Rd5 Rxd5 32. Bxd5 b5 33. Qe3 Qd6 34. Bb7 b4 35. Qxa7
Qxe6 36. Bc8 bxc3 37. Qc7 Bd4+ 38. Kf1 Bb6 39. Qe5 Qc6 40. Qxc3 Qh1+ 41. Ke2 Qe4+
42. Kd1 Qd5+ 43. Kc2 Bd4 44. Qa3 Qe4+ 45. Kd2 Kg7 46. Rxc4 Rh8 47. Rxd4 Qxd4+
48. Kc2 Qc4+ 49. Qc3+ Qxc3+ 50. Kxc3 e6 51. a4 Kf7 52. a5 Ke7 53. a6 Rh1 54. Kb2
Rh2+ 55. Kb3 Rh1 56. Kb4 Rb1+ 57. Kc5 Ra1 58. Kb6 e5 59. fxe5 g5 60. a7 1-0

[Event "Indywidualne Mistrzostwa Polski Juniorow Mlodszych do 14 lat OOM Podlaskie 2015 "]
[Site "Suwalki"]
[Date "1899-12-30"]
[Round "8.13"]
[White "Pacan-milej, Kosma"]
[Black "Kokoszczynski, Jan"]
[Result "0-1"]
[WhiteTitle "I"]
[BlackTitle "I+"]
[WhiteElo "1842"]
[BlackElo "1906"]

1. d4 d5 2. c4 e6 3. Nc3 c6 4. e3 f5 5. Nf3 Nf6 6. Bd3 Bd6 7. O-O O-O 8. b3 Ne4
9. Bb2 Nd7 10. Qc2 Qe8 11. Ne2 Qh5 12. Ne5 Qh6 13. Qc1 Nxe5 14. dxe5 Bb4 15. Ba3
Bxa3 16. Qxa3 Bd7 17. f4 Qg6 18. Qb4 b6 19. Bxe4 fxe4 20. Qd6 Rad8 21. Qc7 c5
22. Qxa7 Qg4 23. Rfe1 d4 24. exd4 cxd4 25. Nxd4 Qxf4 26. Qxb6 Qf2+ 27. Kh1 Bc8
28. Rad1 e3 29. h3 Bb7 30. Nc6 Rxd1 31. Rxd1 e2 0-1

[Event "Indywidualne Mistrzostwa Polski Juniorow Mlodszych do 14 lat OOM Podlaskie 2015 "]
[Site "Suwalki"]
[Date "1899-12-30"]
[Round "8.14"]
[White "Modlich, Kacper"]
[Black "Brozyna, Mateusz"]
[Result "0-1"]
[WhiteTitle "II+"]
[BlackTitle "II"]
[WhiteElo "1626"]
[BlackElo "1641"]

1. e4 e6 2. d4 d5 3. Nc3 Nf6 4. e5 Nfd7 5. f4 c5 6. Nf3 Nc6 7. Be3 cxd4 8. Nxd4
Bc5 9. Qd2 O-O 10. O-O-O a6 11. g4 Bxd4 12. Bxd4 b5 13. Ne2 b4 14. Qe3 Qe7 15.
Bg2 Nxd4 16. Nxd4 Bb7 17. Rhe1 Rfe8 18. Qg3 Nb8 19. f5 Nc6 20. fxe6 Qg5+ 21. Kb1
fxe6 22. h4 Qg6 23. h5 Qg5 24. Nf3 Qe7 25. h6 g6 26. g5 Qc5 27. Bh3 a5 28. Nh2
Nd4 29. Qg1 Qxc2+ 30. Ka1 Nb3+ 31. axb3 a4 32. bxa4 Rxa4# 0-1

[Event "Indywidualne Mistrzostwa Polski Juniorow Mlodszych do 14 lat OOM Podlaskie 2015 "]
[Site "Suwalki"]
[Date "1899-12-30"]
[Round "8.15"]
[White "Golenia, Jan"]
[Black "Fus, Jakub"]
[Result "1-0"]
[WhiteTitle "I"]
[BlackTitle "II+"]
[WhiteElo "1725"]
[BlackElo "1821"]

1. d4 Nf6 2. c4 g6 3. Nc3 Bg7 4. Nf3 O-O 5. e4 d6 6. Be3 e5 7. d5 Ng4 8. Bd3 f5
9. h3 Nxe3 10. fxe3 f4 11. exf4 exf4 12. Qc2 Nd7 13. O-O-O a5 14. Ne2 Nc5 15.
Ned4 Bd7 16. Rhe1 Qe7 17. Re2 Be5 18. Kd2 Qf6 19. Nxe5 dxe5 20. Nf3 g5 21. Qc3
Rfe8 22. Bc2 h5 23. Ne1 Qg6 24. g3 g4 25. gxf4 exf4 26. e5 Qg5 27. e6 Bxe6 28.
dxe6 f3+ 29. Qe3 Qd8+ 30. Kc1 Rxe6 31. Qxc5 Rxe2 32. Nd3 Qe8 33. hxg4 f2 34. Nxf2
Re1 35. Rxe1 Qxe1+ 36. Nd1 hxg4 37. Qg5+ Kf8 38. Qf6+ Kg8 39. Qg6+ Kf8 40. Qxg4
Re8 41. Qf4+ Kg8 42. Qg5+ Kf8 43. Qf6+ Kg8 44. Qg6+ Kf8 45. Qh6+ Kg8 46. Bh7+
Kf7 47. Bg6+ Ke7 48. Bxe8 Kxe8 49. Qe3+ 1-0

[Event "Indywidualne Mistrzostwa Polski Juniorow Mlodszych do 14 lat OOM Podlaskie 2015 "]
[Site "Suwalki"]
[Date "1899-12-30"]
[Round "8.16"]
[White "Butyrowski, Marcel"]
[Black "Modlich, Piotr"]
[Result "0-1"]
[WhiteTitle "II"]
[BlackTitle "II+"]
[WhiteElo "1514"]
[BlackElo "1665"]

1. e4 c5 2. Nf3 d6 3. d4 cxd4 4. Nxd4 Nf6 5. Nc3 g6 6. Bc4 Bg7 7. f3 O-O 8. Be3
Nc6 9. Qd2 Bd7 10. O-O-O Rc8 11. Bb3 Nxd4 12. Bxd4 b5 13. g4 a5 14. g5 Nh5 15.
Bxg7 Nxg7 16. a4 b4 17. Nd5 Ne6 18. h4 Nc5 19. Qe3 Be6 20. h5 Nxb3+ 21. Qxb3 Bxd5
22. exd5 Qd7 23. hxg6 fxg6 24. Rh4 Qf5 25. f4 Rxc2+ 26. Qxc2 Rc8 27. Qxc8+ Qxc8+
28. Kb1 b3 29. Rdh1 Qc2+ 30. Ka1 Qe4 31. Rxh7 Qxa4+ 32. Kb1 Qa2+ 33. Kc1 Qa1+
34. Kd2 Qxb2+ 35. Ke3 Qc3+ 36. Kf2 Qd2+ 37. Kg3 Qd3+ 38. Kf2 Qxd5 39. Rh8+ Kf7
40. R1h7+ Ke6 41. Rh6 Qd2+ 42. Kg3 Qd3+ 0-1

[Event "Indywidualne Mistrzostwa Polski Juniorow Mlodszych do 14 lat OOM Podlaskie 2015 "]
[Site "Suwalki"]
[Date "1899-12-30"]
[Round "8.17"]
[White "Jagura, Norbert"]
[Black "Banach, Jakub"]
[Result "0-1"]
[WhiteTitle "II"]
[BlackTitle "II"]
[WhiteElo "1387"]
[BlackElo "1392"]

1. c4 c6 2. Nc3 d5 3. cxd5 cxd5 4. d4 Nf6 5. e3 Nc6 6. Bd3 e6 7. a3 Bd6 8. f4 Bd7
9. Nf3 a6 10. O-O O-O 11. Qe2 b5 12. b4 Qc7 13. Bd2 Ne8 14. Rac1 Qb8 15. Ng5 f5
16. Qf3 Nf6 17. Bxf5 exf5 18. Nxd5 Ne7 19. Nxf6+ Rxf6 20. e4 fxe4 21. Nxe4 Rf8
22. Qb3+ Kh8 23. Nc5 Bxc5 24. bxc5 Bc6 25. Rce1 Qd8 26. Qb2 Qd5 27. Rf2 Ng6 28.
Rd1 Rae8 29. Rf3 Re2 30. Qc3 Nh4 31. Rdf1 Rxg2+ 32. Kh1 Nxf3 33. Rxf3 Qxf3 0-1

[Event "Indywidualne Mistrzostwa Polski Juniorow Mlodszych do 14 lat OOM Podlaskie 2015 "]
[Site "Suwalki"]
[Date "1899-12-30"]
[Round "8.18"]
[White "Stanowski, Mateusz"]
[Black "Gaj, Szymon"]
[Result "0-1"]
[WhiteTitle "II"]
[BlackTitle "I"]
[WhiteElo "1401"]
[BlackElo "1884"]

1. d4 d5 2. c4 e6 3. Nc3 f5 4. Bf4 c6 5. Nf3 Nf6 6. e3 Bd6 7. Bxd6 Qxd6 8. Bd3
O-O 9. O-O Ne4 10. Rc1 Nd7 11. Qb3 Kh8 12. Rfd1 Ndf6 13. h3 Qe7 14. cxd5 exd5
15. Na4 g5 16. Ne5 g4 17. hxg4 fxg4 18. Nc5 g3 19. fxg3 Nxg3 20. Qc2 Ng4 21. Rf1
Nxf1 22. Bxh7 Nxe5 23. dxe5 Qxh7 24. Qxh7+ Kxh7 25. Rxf1 Rxf1+ 26. Kxf1 b6 0-1

[Event "Indywidualne Mistrzostwa Polski Juniorow Mlodszych do 14 lat OOM Podlaskie 2015 "]
[Site "Suwalki"]
[Date "1899-12-30"]
[Round "8.19"]
[White "Zolkiewski, Jakub"]
[Black "Ulatowski, Jakub"]
[Result "1/2-1/2"]
[WhiteTitle "II"]
[BlackTitle "II"]
[WhiteElo "1609"]
[BlackElo "1511"]

1. d4 d5 2. c4 e6 3. Nf3 Nf6 4. g3 c6 5. Bg2 Nbd7 6. O-O Be7 7. Qc2 O-O 8. Nbd2
Re8 9. e4 dxe4 10. Nxe4 Nxe4 11. Qxe4 Nf6 12. Qe2 Nd7 13. Bf4 Bf6 14. Rad1 Qe7
15. Rfe1 Nf8 16. Be5 Bxe5 17. Qxe5 Ng6 18. Qe4 Bd7 19. Ne5 Nxe5 20. Qxe5 Qb4 21.
b3 Rad8 22. f4 f6 23. Qh5 g6 24. Qf3 Bc8 25. Qe3 Kf7 26. Rf1 Qb6 27. Kh1 Kg7 28.
Rfe1 Kf7 29. Rf1 Kg7 30. Rfe1 Kf7 31. Rf1 Kg7 32. Rfe1 Kf7 1/2-1/2

[Event "Indywidualne Mistrzostwa Polski Juniorow Mlodszych do 14 lat OOM Podlaskie 2015 "]
[Site "Suwalki"]
[Date "1899-12-30"]
[Round "8.20"]
[White "Marciniak, Piotr"]
[Black "Pytel, Maciej"]
[Result "0-1"]
[WhiteTitle "III"]
[BlackTitle "I"]
[WhiteElo "1297"]
[BlackElo "1821"]

1. e4 c5 2. Nf3 e6 3. d4 cxd4 4. Nxd4 Nc6 5. Nxc6 bxc6 6. Bd3 Qc7 7. O-O Bc5 8.
Nd2 a5 9. b3 Ne7 10. c4 e5 11. Bb2 O-O 12. Nf3 d6 13. h3 Ng6 14. Qc2 Qe7 15. Rad1
Qf6 16. Be2 Nf4 17. h4 Qg6 18. g3 Qxg3+ 0-1

[Event "Indywidualne Mistrzostwa Polski Juniorow Mlodszych do 14 lat OOM Podlaskie 2015 "]
[Site "Suwalki"]
[Date "1899-12-30"]
[Round "8.21"]
[White "Gorecki, Mateusz"]
[Black "Gozdzicki, Maciej"]
[Result "0-1"]
[WhiteTitle "II"]
[BlackTitle "II"]
[WhiteElo "1529"]
[BlackElo "1443"]

1. e4 c5 2. Nf3 e6 3. d4 cxd4 4. Nxd4 a6 5. Bd3 b5 6. O-O Bb7 7. a4 b4 8. Qe2 Qc7
9. Be3 Nf6 10. Nd2 Be7 11. Rae1 d5 12. exd5 Bxd5 13. Nc4 O-O 14. h3 Qb7 15. f3
Qc7 16. Bf2 Nbd7 17. b3 Nc5 18. Rd1 Nxd3 19. cxd3 Bc5 20. Rfe1 Bb7 21. Nc2 Nd5
22. Qe5 Bxf2+ 23. Kxf2 Qxe5 24. Rxe5 Rfd8 25. Na5 Ra7 26. Rd2 Ba8 27. g3 Kf8 28.
Ne3 Rc7 29. Nec4 Ke7 30. Re1 Nc3 31. h4 Bd5 32. Kg2 Bxc4 33. Nxc4 Nxa4 34. d4
Nc3 35. Kf2 Kf6 36. Ra1 Rc6 37. Ke3 Nd5+ 38. Ke4 Ke7 39. g4 g6 40. g5 f5+ 41.
gxf6+ Nxf6+ 42. Ke3 Rf8 43. Rda2 Nd5+ 44. Kf2 Nc7 45. Ra5 Rf4 46. Rd1 Nb5 47.
Ke3 Rxh4 48. Rd2 Rh1 49. Raa2 Re1+ 50. Re2 Rxe2+ 51. Rxe2 Rc8 52. Kd3 Rd8 53.
Re4 Nd6 54. Re5 h5 55. d5 Nb5 56. Rxe6+ Kf8 57. Ke4 Nc3+ 58. Kf4 Nxd5+ 59. Kg5
Ne7 60. Rxa6 Rd5+ 61. Kf4 g5+ 62. Kg3 Nf5+ 63. Kf2 Nd4 64. Ra8+ Ke7 65. Rb8 Rf5
66. Nd2 g4 67. Rxb4 Nxf3 68. Re4+ Kf7 69. Ke3 Nxd2 70. Kxd2 g3 71. Re2 h4 72.
Rg2 Rf3 73. Ke2 Rxb3 74. Rg1 Kg7 75. Rh1 Kg6 0-1

[Event "Indywidualne Mistrzostwa Polski Juniorow Mlodszych do 14 lat OOM Podlaskie 2015 "]
[Site "Suwalki"]
[Date "1899-12-30"]
[Round "8.22"]
[White "Rak, Maciej"]
[Black "Mietkiewicz, Jacek"]
[Result "0-1"]
[WhiteTitle "II"]
[BlackTitle "II+"]
[WhiteElo "1476"]
[BlackElo "1505"]

1. e4 c5 2. Nc3 a6 3. a4 Nc6 4. f4 e6 5. Nf3 d5 6. d3 Nf6 7. e5 Nd7 8. g3 Rb8 9.
Bg2 h5 10. O-O Be7 11. h3 b5 12. b3 b4 13. Ne2 a5 14. Be3 Nb6 15. Nd2 Ba6 16.
Re1 Qd7 17. Nf3 Rc8 18. Rc1 g6 19. Bf2 Bf8 20. Qd2 Qb7 21. Kh2 Be7 22. Kg1 Kf8
23. Kh2 Kg7 24. Kg1 Rhd8 25. g4 hxg4 26. hxg4 Qb8 27. Ng3 Nd7 28. g5 Rh8 29. Red1
Rcd8 30. Re1 Qc7 31. Red1 Nb6 32. Re1 Nd7 33. Red1 c4 34. d4 Nb6 35. Ra1 Rc8 36.
Ra2 Nb8 37. Be3 Qb7 38. Nh2 cxb3 39. cxb3 Rc3 40. Rb2 Rhc8 41. Bf1 N8d7 42. Ng4
Nxa4 43. bxa4 Nb6 0-1

[Event "Indywidualne Mistrzostwa Polski Juniorow Mlodszych do 14 lat OOM Podlaskie 2015 "]
[Site "Suwalki"]
[Date "1899-12-30"]
[Round "8.23"]
[White "Jobda, Rafal"]
[Black "Wloch, Mikolaj"]
[Result "0-1"]
[WhiteTitle "II"]
[BlackTitle "I"]
[WhiteElo "1640"]
[BlackElo "1564"]

1. e4 c5 2. Nf3 Nc6 3. d4 cxd4 4. Nxd4 g6 5. Nb3 Bg7 6. Nc3 d6 7. Be2 Nf6 8. Bg5
O-O 9. O-O a6 10. Kh1 Bd7 11. f4 b5 12. Bf3 Rc8 13. Nd5 Nxd5 14. exd5 Na7 15.
c3 b4 16. cxb4 h6 17. Bh4 Bxb2 18. Rb1 Bc3 19. Bg4 Nb5 20. Bxd7 Qxd7 21. Be1 Qf5
22. Rc1 Bf6 23. a4 Rxc1 24. Qxc1 Rc8 25. Qe3 Nc3 26. Nd4 Bxd4 27. Qxd4 Nxd5 28.
g4 Qe6 29. f5 Qe2 30. Qg1 Qe4+ 31. Qg2 Qxg2+ 32. Kxg2 Ne3+ 33. Kf2 Nxf1 34. Kxf1
gxf5 35. gxf5 Rc2 36. h4 Ra2 37. a5 Kg7 38. Bc3+ f6 39. Ke1 Rh2 40. Kd1 Rxh4 41.
Kc2 Rc4 42. Kb3 Rc8 43. b5 axb5 44. Kb4 Rc4+ 45. Kb3 h5 46. Bd2 h4 47. Be3 h3
48. Bg1 Ra4 49. Kc3 Rxa5 50. Kb4 Ra1 51. Bh2 Ra2 52. Bg3 h2 0-1

[Event "Indywidualne Mistrzostwa Polski Juniorow Mlodszych do 14 lat OOM Podlaskie 2015 "]
[Site "Suwalki"]
[Date "1899-12-30"]
[Round "9.1"]
[White "Kowalski, Igor"]
[Black "Gumularz, Szymon"]
[Result "1/2-1/2"]
[WhiteTitle "k"]
[BlackTitle "I++"]
[WhiteElo "2084"]
[BlackElo "2305"]

1. c4 e6 2. Nc3 d5 3. d4 c6 4. e3 Nf6 5. Nf3 Nbd7 6. b3 Bd6 7. Bd3 O-O 8. O-O dxc4
9. bxc4 e5 10. Bf5 Re8 11. Qc2 Qc7 12. a4 exd4 13. exd4 Bf4 14. Bxf4 Qxf4 15.
Rfe1 Rxe1+ 16. Rxe1 Nf8 17. Bxc8 Rxc8 18. Ne4 Nxe4 19. Qxe4 Qxe4 20. Rxe4 Ne6
21. Kf1 Rd8 22. Ke2 g6 23. Ke3 Kg7 24. Re5 Kf6 25. g4 h6 26. h4 Kg7 27. Ke4 Kf8
28. Ke3 Rd6 29. g5 hxg5 30. hxg5 Ng7 31. Kd3 Nf5 32. Kc3 f6 33. gxf6 Rxf6 34.
Ng5 Rd6 35. Re6 Rxe6 36. Nxe6+ Ke7 37. Nc5 b6 38. Nd3 Kd6 39. Ne5 c5 40. Nxg6
Nxd4 1/2-1/2

[Event "Indywidualne Mistrzostwa Polski Juniorow Mlodszych do 14 lat OOM Podlaskie 2015 "]
[Site "Suwalki"]
[Date "1899-12-30"]
[Round "9.2"]
[White "Kosakowski, Jakub"]
[Black "Nowak, Mikolaj"]
[Result "1-0"]
[WhiteTitle "k"]
[BlackTitle "I"]
[WhiteElo "2186"]
[BlackElo "1939"]

1. e4 e5 2. Nf3 Nc6 3. Bb5 Nf6 4. O-O Nxe4 5. d4 Nd6 6. Bxc6 dxc6 7. dxe5 Nf5 8.
Qxd8+ Kxd8 9. Rd1+ Ke8 10. Nc3 h6 11. b3 Be6 12. Bb2 Rd8 13. Ne2 g5 14. g4 Ne7
15. h3 Ng6 16. Ng3 Nf4 17. Kh2 Be7 18. Nf5 h5 19. Nxe7 Kxe7 20. Ba3+ Ke8 21. Nxg5
Rxd1 22. Rxd1 hxg4 23. Rd4 Nxh3 24. Nxe6 fxe6 25. Kg3 Rg8 26. Rxg4 Rxg4+ 27. Kxg4
Nxf2+ 28. Kf3 Nh3 29. Bc1 Ng1+ 30. Kf2 Kf7 31. Kxg1 Kg6 32. Ba3 Kf5 33. Kf2 Kxe5
34. Ke3 b5 35. Bc5 a5 36. c4 bxc4 37. bxc4 Kf5 38. a4 1-0